| 000 | 00656nam a22001817a 4500 | ||
|---|---|---|---|
| 003 | UA-OsUOA | ||
| 001 | 16942 | ||
| 007 | ta | ||
| 008 | 20040203b un ||||| |||| 00| 0 ukr d | ||
| 100 | _aКоток С. | ||
| 942 | _cSA | ||
| 040 |
_aUA-OsUOA _cUA-OsUOA _dUA-OsUOA |
||
| 245 | _aПолісся у вогні. Відступаючи, фашисти палили села району: [До 60-річчя визволення Сарн і р-ну від нім.-фашист. загарбників] | ||
| 300 | _aС.4 | ||
| 955 | _a0 | ||
| 773 | 0 |
_w0 _tСарненські новини _dСарни _d2004 _g№4/5/9 січ./ |
|
| 650 | 7 |
_aІсторія _2UDC |
|
| 999 |
_c303110 _d303110 |
||